000 00660nam a2200229 a 4500
999 _c10495
_d10495
001 10495
003 BD-JhCC
005 20180430173825.0
008 180430s160 nbu |||| |||| 000 0 eng d
020 _a822000202
035 _a(BD-JhCC)10495
040 _aBD-JhCC
_beng
_cBD-JhCC
082 _a822.33
_bROB 1960
100 _aRoberts, James L.
245 _aJulius Caesar :
_bnotes, including scene by scene synopsis ... /
_cJames L. Roberts,
260 _aUSA :
_bCliff's Notes,
_c1960
300 _a62 p. :
_g21 cm.
504 _aIncludes bibliography
650 _aJulius Caesar (Shakespeare, William)
650 _aEnglish drama
942 _2ddc
_cBK